00510nam a2200157Ia 450000500170000000800410001708200130005810000120007124500530008326000420013630000180017850000420019694200060023895200950024499900130033920250424015436.0240331s9999 xx 000 0 und d a300bAND aAndi, R 0aEn anupavankal :bcultural frictions and changes aTamil NadubOviakil Pathippakamc2002 aXVi, 174 p ., aCultural Frictions and Social Changes cL 001040708LaWERCLbWERCLcSSCd2024-03-31l0o 300 ANDp5450r2024-03-31w2024-03-31yL c970d970